[Event "La Paz Adalp Cup"]
[Site "La Paz"]
[Date "2017.03.13"]
[Round "8"]
[White "Meza Crespo, Dario"]
[Black "Mamani, Anahi"]
[Result "1/2-1/2"]
[WhiteElo "1782"]
[BlackElo "1671"]
[PlyCount "70"]
[EventDate "2017.02.20"]
[EventType "tourn"]
[EventRounds "11"]
[EventCountry "BOL"]
[SourceTitle "CBM 177 Extra"]
[Source "ChessBase"]
[SourceDate "2017.04.27"]
[SourceVersion "1"]
[SourceVersionDate "2017.04.27"]
[SourceQuality "1"]

1. e4 c5 2. Nf3 d6 3. d4 cxd4 4. Nxd4 Nf6 5. f3 Nc6 6. c4 Qb6 7. Nb3 g6 8. Nc3 Bg7 9. Bd2 a6 10. Nd5 Nxd5 11. cxd5 Ne5 12. Bc3 0-0 13. Bd4 Qb4+ 14. Qd2 Qxd2+ 15. Kxd2 Bd7 16. Be2 Ba4 17. Ke3 Bxb3 18. axb3 Rac8 19. Rhc1 Nd7 20. Bxg7 Kxg7 21. b4 Nb6 22. b5 axb5 23. Bxb5 Rxc1 24. Rxc1 Rc8 25. Rxc8 Nxc8 26. Bd7 Na7 27. Kd4 Kf6 28. f4 e6 29. g4 Ke7 30. Ba4 Nc8 31. f5 exf5 32. exf5 gxf5 33. gxf5 Nb6 34. Bc2 f6 35. b3 Nd7 1/2-1/2

[Event "South-America-chT U14 22th"]
[Site "Medellin"]
[Date "2016.12.14"]
[Round "4.4"]
[White "Martinez Ramirez, Anahi"]
[Black "Mamani, Anahi"]
[Result "0-1"]
[WhiteElo "1493"]
[BlackElo "1653"]
[PlyCount "72"]
[EventDate "2016.12.12"]
[EventType "team-tourn"]
[EventRounds "9"]
[EventCountry "COL"]
[SourceTitle "EXT 2024"]
[Source "ChessBase"]
[SourceDate "2023.10.10"]
[SourceVersion "1"]
[SourceVersionDate "2023.10.10"]
[SourceQuality "1"]
[WhiteTeam "Paraguay"]
[BlackTeam "Bolivia"]
[WhiteTeamCountry "PAR"]
[BlackTeamCountry "BOL"]

1. e4 c5 2. Nf3 Nc6 3. Bc4 g6 4. d3 Bg7 5. c3 Nf6 6. Bb3 e6 7. 0-0 0-0 8. Bc2 d5 9. e5 Nd7 10. d4 b6 11. Nbd2 Ba6 12. Re1 Rc8 13. a3 Qc7 14. Nb3 cxd4 15. cxd4 Ncxe5 16. Nxe5 Nxe5 17. dxe5 Qxc2 18. Qxc2 Rxc2 19. Nd4 Rc4 20. Nb3 Rfc8 21. f4 Bb5 22. g3 Ba4 23. Nd2 Rc2 24. Nf3 Bf8 25. b3 Bc5+ 26. Be3 Bxb3 27. Nd4 Rc3 28. Rab1 Rxe3 29. Rxe3 Bxd4 30. Rbxb3 Bxe3+ 31. Rxe3 Rc2 32. Rd3 Kf8 33. g4 Rc4 34. Rf3 g5 35. Kg2 Rxf4 36. Rg3 Re4 0-1